000 01198nam a2200277Ia 4500
999 _c4777
_d4777
003 OSt
005 20200602132323.0
008 191128t2001 sp fr 000 0dspa d
020 _a8437505070
040 _aCO-JMCR
_cCO-JMCR
041 0 _aspa
082 0 4 _a330.01 /
_bA958c
_223
100 1 _aÁvila, Alfonso,
_eeditor
_94904
245 1 0 _aCiencia económica y economía de la ciencia :
_breflexiones filosófico-metodológicas /
_cAlfonso Ávila, Wenceslao J. González y Gustavo Marqués editores
250 _aPrimera edición
260 _aMadrid :
_bFondo de Cultura Económica : Fundación Urrutia-Elejalde,
_c©2001
300 _a288 páginas ;
_c21 cm.
490 0 _aEconomía contemporánea
500 _aIncluye índice de nombres.
505 0 _aContextualización temática -- Enfoques filosófico-metodológicos sobre la ciencia de la economía -- Explicaciones y leyes en la ciencia de la economía -- El ambito de la medición en la economía de la ciencia y en la ciencia
650 1 4 _aEconomía
_94905
650 1 4 _aCiencia de la economía
_94906
700 1 _aGonzález, Wenceslao J.,
_eeditor
_94907
700 1 _aMarqués, Gustavo,
_eeditor
_94908
942 _2ddc
_cBK